UBT Library

Vietnam War : (Record no. 39316)

000 -LEADER
fixed length control field 00817cam a22002534a 4500
001 - CONTROL NUMBER
control field 13601536
005 - DATE AND TIME OF LATEST TRANSACTION
control field 20171222041114.0
008 - FIXED-LENGTH DATA ELEMENTS--GENERAL INFORMATION
fixed length control field 040521s2004 nyuab j 001 0deng
010 ## - LIBRARY OF CONGRESS CONTROL NUMBER
LC control number 2004012146
020 ## - INTERNATIONAL STANDARD BOOK NUMBER
International Standard Book Number 0756607701 (hc)
020 ## - INTERNATIONAL STANDARD BOOK NUMBER
International Standard Book Number 075660771X (pb)
040 ## - CATALOGING SOURCE
Original cataloging agency DLC
Transcribing agency DLC
Modifying agency DLC
041 ## - LANGUAGE CODE
Language code of text/sound track or separate title eng
042 ## - AUTHENTICATION CODE
Authentication code pcc
043 ## - GEOGRAPHIC AREA CODE
Geographic area code a-vt---
080 ## - UNIVERSAL DECIMAL CLASSIFICATION NUMBER
Universal Decimal Classification number 959.70434 MUR
082 00 - DEWEY DECIMAL CLASSIFICATION NUMBER
Classification number 959.70434 MUR
Edition number 22
100 1# - Rafti
Rafti 17
101 ## - Shkurtesa
Shkurtesa HIS
245 10 - TITLE STATEMENT
Title Vietnam War :
Statement of responsibility, etc [writer, Stuart Murray] ; Aaron R. Murray, editor.
906 ## - LOCAL DATA ELEMENT F, LDF (RLIN)
a 7
b cbc
c orignew
d 1
e ecip
f 20
g y-gencatlg
942 ## - ADDED ENTRY ELEMENTS (KOHA)
Source of classification or shelving scheme
Item type Books
Holdings
Withdrawn status Lost status Source of classification or shelving scheme Damaged status Not for loan Collection code Permanent location Current location Shelving location Date acquired Total Checkouts Full call number Barcode Date last seen Price effective from Koha item type
          Koleksioni i përgjithshem UBT - Lipjan UBT - Lipjan Koleksioni i përgjithshem 12/22/2017   959.70434 MUR 002-29830 12/22/2017 12/22/2017 Books
          Koleksioni i përgjithshem UBT - Lipjan UBT - Lipjan Koleksioni i përgjithshem 12/22/2017   959.70434 MUR 002-29835 12/22/2017 12/22/2017 Books
UBT Library © 2015-2024. All rights reserved University Education for Business and Technology